Lịch sử tiền tệ

Đã lưu trong:
書目詳細資料
主要作者: Hoàng, Nghĩa
格式: 圖書
語言:Undetermined
出版: Thành phố Hồ Chí Minh Trẻ 2006
主題:
標簽: 添加標簽
沒有標簽, 成為第一個標記此記錄!
Thư viện lưu trữ: Trung tâm Học liệu Trường Đại học Cần Thơ
LEADER 00512nam a2200193Ia 4500
001 CTU_100969
008 210402s9999 xx 000 0 und d
020 |c 12000 
082 |a 332.4 
082 |b Ngh301 
100 |a Hoàng, Nghĩa 
245 0 |a Lịch sử tiền tệ 
245 0 |c Hoàng Nghĩa 
260 |a Thành phố Hồ Chí Minh 
260 |b Trẻ 
260 |c 2006 
650 |a Finance,Money 
904 |i Tuyến 
980 |a Trung tâm Học liệu Trường Đại học Cần Thơ